[Event "USA-ch Juniors 2017"]
[Site "Saint Louis"]
[Date "2017.07.11"]
[Round "4"]
[White "Li, Ruifeng"]
[Black "Chandra, Akshat"]
[Result "1/2-1/2"]
[WhiteElo "2568"]
[BlackElo "2484"]
[Annotator "TA"]
[PlyCount "65"]
[EventDate "2017.??.??"]
[EventType "tourn"]
[EventCountry "USA"]
[SourceTitle "playchess.com"]
[Source "ChessBase"]
[SourceQuality "1"]

{[%evp 11,65,21,22,25,25,15,40,25,42,37,26,33,29,37,41,16,20,16,18,12,18,29,27,8,6,6,6,14,10,11,0,0,0,0,0,-14,0,0,0,-7,0,0,0,0,0,0,0,0,0,-6,0,0,0,0,0,0]} 1. b3 e5 2. Bb2 Nc6 3. Nf3 d6 4. e3 g6 5. d4 Bg7 6. dxe5 Nxe5 7. Nxe5 {A01: Nimzowitsch-Larsen Opening} Bxe5 8. Nc3 Be6 $146 ({Predecessor:} 8... Bd7 9. Qd2 Bc6 10. O-O-O Qe7 11. f4 Bg7 12. e4 Nf6 13. Bd3 O-O-O 14. Rde1 Kb8 {½-½ (14) Wirig,A (2488)-Renet,O (2480) Saint-Quentin 2014}) 9. Qd2 {White is slightly better.} Qd7 10. e4 Ne7 11. O-O-O O-O-O 12. f4 Bg7 13. g3 (13. Qe3 $5 {[%cal Re3a7]} Kb8 14. Nb5 Bxb2+ 15. Kxb2 $11) 13... Kb8 14. Bg2 Bh3 15. Kb1 Bxg2 16. Qxg2 Rhe8 17. e5 Qc6 {The position is equal.} 18. Qxc6 Nxc6 19. exd6 Rxd6 20. Rxd6 cxd6 21. Rd1 Bxc3 22. Bxc3 $11 {[%mdl 4096] Endgame KRB-KRN} Kc7 23. Rd2 f5 24. a4 Re4 25. Kb2 Kd7 26. Bg7 Re7 27. Bf8 Re6 28. c4 b6 29. Bg7 a5 30. Bc3 Kc7 31. Kc2 Nb8 32. Rd1 Na6 33. Re1 {Precision: White = 68%, Black = 76%.} 1/2-1/2

[Event "USA-ch Juniors 2017"]
[Site "Saint Louis"]
[Date "2017.07.11"]
[Round "4"]
[White "Tang, Andrew"]
[Black "Checa, Nicolas D"]
[Result "0-1"]
[WhiteElo "2478"]
[BlackElo "2415"]
[Annotator "TA"]
[PlyCount "90"]
[EventDate "2017.??.??"]
[EventType "tourn"]
[EventCountry "USA"]
[SourceTitle "playchess.com"]
[Source "ChessBase"]
[SourceQuality "1"]

{[%evp 15,90,2,26,0,0,0,0,-68,-7,-23,-6,-53,0,2,3,-50,-57,-40,-40,-71,-17,-19,-9,-31,-35,-20,2,-5,0,0,0,0,14,13,51,33,67,31,45,0,6,-61,-61,-60,-52,-66,-63,-58,-66,-71,-71,-450,-450,-443,-435,-420,-420,-404,-389,-377,-364,-308,-148,-150,-158,-161,-129,-133,-104,-112,-112,-29983,-29984,-29982,-29983,-29980,-29981]} 1. d4 d5 2. Bf4 Nf6 3. e3 Bg4 4. Nf3 e6 5. Nbd2 c5 6. c3 Nc6 7. Qb3 {D02: 1 d4 d5 2 Nf3 sidelines, including 2...Nf6 3 g3 and 2...Nf6 3 Bf4} Qc8 8. h3 Bh5 {LiveBook: 5 Games} 9. g4 {White has an edge.} Bg6 10. Ne5 $146 ({Predecessor:} 10. Nh4 Be4 11. f3 Bg6 12. Be2 Be7 13. Bg3 a6 14. Kf2 b5 {½-½ (68) Naiditsch,A (2702)-Meier,G (2621) Karlsruhe 2017}) 10... Nxe5 11. dxe5 (11. Bxe5 $11 c4 12. Qa4+ Qd7 13. Qxd7+ Nxd7 14. Bg3) 11... Nd7 (11... c4 $15 12. Qa4+ Nd7) 12. c4 $1 $11 {[%cal Rc4d5]} dxc4 $1 13. Bxc4 Be7 (13... a6 $1 $15) 14. h4 {Threatens to win with h5.} h5 15. gxh5 (15. g5 $11) 15... Bxh5 $15 16. f3 a6 17. a4 {[#]} Qc7 (17... b5 $1 $17 {[%mdl 512]} 18. axb5 axb5 19. Rxa8 Qxa8 20. Bxb5 Bxf3 21. Nxf3 Qxf3 22. Bxd7+ Kxd7 23. Qa4+ Kc7 24. Qa7+ Kc8) 18. Be2 $11 Nb6 19. Ne4 c4 20. Rc1 {[%cal Re2c4]} Rc8 21. Qa2 a5 22. Kf2 O-O 23. Nd6 Bxd6 24. exd6 Qc5 {Black wants to play ...e5.} 25. Rhg1 {Hoping for Rg5.} f6 26. b3 Kh8 27. Bxc4 e5 28. Bf7 (28. Be6 $11 Qxc1 29. Rxc1 Rxc1 30. Qd2) 28... Qxd6 $15 29. Rgd1 Qe7 30. Rxc8 Rxc8 31. Bxh5 exf4 32. Qd2 $1 {Black should prevent Bg6.} Qe5 $36 {[%mdl 2048] Keeping White busy.} 33. Bg6 $2 {[%mdl 8192]} (33. Bf7 $17 {is more resistant.} Rf8 34. Bc4 Nxc4 35. bxc4) 33... fxe3+ $19 34. Qxe3 Qh2+ 35. Ke1 Qh1+ 36. Ke2 Qg2+ 37. Ke1 Qxg6 38. Qxb6 {[%mdl 4096] Endgame KQR-KQR} Re8+ (38... Rc3 $19 39. Qd8+ Kh7) 39. Kf1 $17 Qf5 40. Qf2 Qh3+ 41. Kg1 Re5 42. Rd4 Qe6 {aiming for ...Re1+.} 43. Qc2 $2 {[%mdl 8192] [#]} (43. Rd8+ $17 Kh7 44. Qc2+ f5 45. Rd2) 43... Re1+ {Black mates.} 44. Kf2 Qe3+ 45. Kg3 Qxd4 {Precision: White = 47%, Black = 60%.} 0-1

[Event "USA-ch Juniors 2017"]
[Site "Saint Louis"]
[Date "2017.07.11"]
[Round "4"]
[White "Troff, Kayden W"]
[Black "Brown, Michael William"]
[Result "1-0"]
[WhiteElo "2472"]
[BlackElo "2508"]
[Annotator "TA"]
[PlyCount "61"]
[EventDate "2017.??.??"]
[EventType "tourn"]
[EventCountry "USA"]
[SourceTitle "playchess.com"]
[Source "ChessBase"]
[SourceQuality "1"]

{[%evp 17,61,29,45,26,38,30,29,0,0,0,33,35,37,31,36,25,28,9,18,0,0,0,0,0,0,-24,0,0,0,0,11,-140,-131,-144,-44,-22,83,-224,29992,29993,29993,29994,29994,29995,29995,29996]} 1. d4 Nf6 2. c4 e6 3. Nc3 d5 4. cxd5 exd5 5. Bg5 c6 6. Qc2 Be6 7. e3 {D36: Queen's Gambit Declined: Exchange Variation: Main line (5 Bg5 c6 6 Qc2)} Nbd7 (7... h6 8. Bh4 Nbd7 9. Bd3 g5 10. Bg3 Nh5 11. Nge2 Nxg3 12. Nxg3 h5 13. Bf5 Qf6 14. O-O-O h4 15. Bxe6 fxe6 {0-1 (46) Klekowski,M (2467)-Nabaty,T (2636) Ordu 2017}) 8. Bd3 Bd6 9. Nge2 h6 {LiveBook: 3 Games} 10. Bh4 Qc7 11. Bg3 Bxg3 12. hxg3 $146 ({Predecessor:} 12. Nxg3 h5 13. h3 O-O-O 14. b4 Kb8 {½-½ (49) Rakay,K (2420)-Babychuk,V (2124) ICCF email 2012}) 12... Nb6 13. Nf4 O-O-O 14. a4 {[%cal Ba2a4,Ba4a5,Ba5a6][%mdl 32]} Kb8 15. a5 Nc8 16. a6 {Black must now prevent axb7.} b6 17. Nxe6 (17. Rc1 {is more complex.} Qd6 18. Be2 Ne7 19. Nd3 Bf5 20. Qa4) 17... fxe6 18. Rc1 {Hoping for Nb5!} Ne7 19. O-O Qd6 20. e4 dxe4 21. Bxe4 h5 22. Rfe1 h4 23. gxh4 Ng4 {...Qh2+ is the strong threat.} 24. Bf3 $2 (24. g3 $11) 24... Qh2+ $17 ({Weaker is} 24... Rxh4 25. g3 $14) 25. Kf1 {[%cal Bg1f1,Bf1e2,Be2d1][%mdl 32]} Nf5 ({Stronger than} 25... Rxh4 26. Rxe6 Qf4 27. Rxe7 $11) (25... Qxh4 $17 {Strongly threatening ...Nh2+.} 26. Re4 Nh2+ 27. Ke2 Qf6) 26. Re4 $1 $15 {[%cal Re4g4]} Nf6 {[#]} (26... Rxh4 27. Nb5 $18) (26... Nxd4 $11 {keeps the balance.} 27. Rxd4 Rxd4) 27. Nb5 $2 {[%mdl 8192]} (27. g3 $1 $16 {stays on course.}) 27... Nxe4 $4 {[%mdl 8192]} ({Inferior is} 27... cxb5 {[#]} 28. Qc6 $1 $16 {[%mdl 512]}) (27... Rc8 $19 28. Rxe6 Qh1+ 29. Ke2 cxb5 30. Rxb6+ axb6 31. Qxc8+ Rxc8 32. Rxh1 Rc2+ 33. Kd3 Rxb2) 28. Qxc6 {[%csl Ga6][%cal Rc6b7] White mates.} Nd2+ 29. Ke2 {[%csl Ga6,Gf3][%cal Rc6b7]} Nxd4+ 30. Nxd4 {[%csl Ga6,Gf3][%cal Rc6b7]} Qe5+ 31. Kd1 {Precision: White = 48%, Black = 46%.} 1-0

[Event "USA-ch Juniors 2017"]
[Site "Saint Louis"]
[Date "2017.07.11"]
[Round "4"]
[White "Colas, Joshua"]
[Black "Liang, Awonder"]
[Result "0-1"]
[WhiteElo "2366"]
[BlackElo "2536"]
[Annotator "TA"]
[PlyCount "66"]
[EventDate "2017.??.??"]
[EventType "tourn"]
[EventCountry "USA"]
[SourceTitle "playchess.com"]
[Source "ChessBase"]
[SourceQuality "1"]

{[%evp 21,66,0,0,-8,-9,-12,-1,-19,21,28,52,31,52,39,49,25,37,25,22,0,0,0,0,0,23,-26,-20,-78,-48,-16,-49,-19,0,-16,-10,-19,21,-29,-25,-42,-77,-337,-336,-344,-313,-6308,-4885]} 1. d4 Nf6 2. c4 e6 3. Nc3 Bb4 4. e3 O-O 5. Bd3 d5 6. Nf3 b6 7. O-O Bb7 8. cxd5 exd5 9. a3 Bd6 10. b4 a6 11. Bb2 Nbd7 12. b5 {E52: Nimzo-Indian: Rubinstein: 4...0-0 5 Nf3 d5 6 Bd3 b6} axb5 13. Nxb5 Be7 14. Ne5 $146 {The position is equal.} ({Predecessor:} 14. Qc2 c6 15. Nc3 c5 16. Ne5 c4 17. Bf5 g6 18. Bh3 Re8 19. f4 Bf8 {½-½ (49) Knoll,H (2225)-Farago,I (2440) Oberwart 1997}) 14... c5 15. a4 Re8 16. f4 cxd4 17. exd4 Ne4 18. Rc1 {[#] Nxd7 is the strong threat.} ({Much weaker is} 18. Bxe4 dxe4 19. Rc1 (19. Qh5 Rf8 $15) 19... Nxe5 $11) 18... Rc8 19. Rxc8 Qxc8 20. Bxe4 dxe4 21. Qb3 Nxe5 22. fxe5 Rf8 23. Rc1 Qg4 24. h3 (24. Qd1 $11 {keeps the balance.} Qxd1+ 25. Rxd1) 24... Qe2 (24... Qg5 $5 {[%cal Re4e3]} 25. Qd1 e3 $17) 25. Qc2 Qe3+ 26. Qf2 $1 {[%cal Rf2e3]} Qb3 27. Qc2 Qe6 28. Qe2 Bg5 29. Rc2 Qb3 {And now ...Be3+ would win.} 30. Bc1 e3 31. Rb2 $2 {[%mdl 8192]} (31. Qc4 $17 Qxc4 32. Rxc4) 31... Qxa4 $19 32. Ra2 Qb4 {[#] Threatens to win with ...Rc8.} 33. Ba3 $2 (33. Nd6 Bd5 34. Rc2 Qxd4 35. Bb2) 33... Qb1+ {Precision: White = 20%, Black = 56%.} 0-1

[Event "USA-ch Juniors 2017"]
[Site "Saint Louis"]
[Date "2017.07.11"]
[Round "4"]
[White "Brattain, Mika A"]
[Black "Liu, Bovey"]
[Result "1/2-1/2"]
[WhiteElo "2364"]
[BlackElo "2228"]
[Annotator "TA"]
[PlyCount "91"]
[EventDate "2017.??.??"]
[EventType "tourn"]
[EventCountry "USA"]
[SourceTitle "playchess.com"]
[Source "ChessBase"]
[SourceQuality "1"]

{[%evp 28,91,13,0,14,2,14,0,0,0,0,0,0,0,0,-26,0,0,0,0,0,0,0,0,0,0,0,0,0,0,0,0,0,0,0,0,0,0,0,0,0,0,0,0,0,0,0,0,0,0,0,0,0,0,0,0,0,0,0,0,0,0,0,0,0,0]} 1. Nf3 Nf6 2. c4 e6 3. g3 b6 4. Bg2 Bb7 5. O-O Be7 6. d4 O-O 7. Nc3 Ne4 8. Bd2 d5 9. cxd5 exd5 10. Bf4 Nd7 {[%cal Bb8d7,Bd7f6,Bf6e4][%mdl 32]} 11. Qb3 Ndf6 12. Rac1 c5 {E18: Queen's Indian: Old Main Line (4 g3 Bb7 5 Bg2 Be7 6 0-0 0-0 7 Nc3)} 13. dxc5 Nxc5 (13... Bxc5 14. Nb5 Ng4 15. Nbd4 g5 16. Be3 Qf6 17. Rcd1 Nxe3 18. fxe3 Rad8 19. Qa4 a6 20. Nd2 {0-1 (42) Grischuk,A (2737)-Korobov,A (2692) Doha 2016}) 14. Qd1 Nfe4 15. Be5 {LiveBook: 3 Games} Re8 16. Nb5 Bf8 $1 17. Bf4 $146 ({Predecessor:} 17. Nbd4 g5 18. g4 h5 19. h3 hxg4 20. hxg4 {1-0 (76) Martinovic,S (2445)-Enders,P (2490) Wattens 1999}) 17... Ne6 18. Be3 Qd7 19. Nfd4 Nxd4 20. Nxd4 Bc5 21. Nc2 Bxe3 22. Nxe3 {The position is equal.} Rad8 23. Qd4 Nc5 24. Rfd1 {[%cal Re3d5]} Ne6 25. Qg4 d4 26. Bxb7 Qxb7 27. Nf5 {[%cal Rf5d4]} g6 {[#] And now ...h5 would win.} 28. Nxd4 Nxd4 29. Rxd4 Rxd4 30. Qxd4 Rxe2 $11 {[%mdl 4096] Endgame KQR-KQR} 31. h4 h5 32. Qd8+ Kg7 33. Qd4+ Kg8 34. Qf6 Re6 35. Qd8+ Kg7 36. Qd4+ Kh7 37. Kh2 Re2 38. Qf6 Qe7 (38... Qd7 {keeps more tension.} 39. a3 Re4 40. b4 Kg8 41. Rc2 Re1) 39. Qxe7 Rxe7 {KR-KR} 40. Kg2 Re2 41. Rc7 Kg7 42. Rxa7 Rxb2 43. Kf3 b5 44. Ke3 b4 45. f3 b3 46. axb3 {Precision: White = 85%, Black = 90%.} 1/2-1/2

[Event "USA-ch Juniors 2017"]
[Site "Saint Louis"]
[Date "2017.07.12"]
[Round "5"]
[White "Liang, Awonder"]
[Black "Brattain, Mika A"]
[Result "1-0"]
[WhiteElo "2521"]
[BlackElo "2368"]
[Annotator "TA"]
[PlyCount "73"]
[EventDate "2017.??.??"]
[EventType "tourn"]
[EventCountry "USA"]
[SourceTitle "playchess.com"]
[Source "ChessBase"]
[SourceQuality "1"]

{[%evp 10,73,29,29,39,15,7,10,42,37,29,33,52,48,54,59,53,53,54,43,56,56,55,55,48,0,0,0,0,13,17,7,14,9,18,0,42,42,42,42,42,42,54,42,264,245,389,385,385,383,360,368,365,350,470,466,440,431,543,531,674,450,431,449,814,807]} 1. e4 c6 2. Nc3 d5 3. Nf3 dxe4 4. Nxe4 Nf6 5. Qe2 Nxe4 6. Qxe4 Qd5 {B11: Caro-Kann: Two Knights Variation} 7. Qh4 Qe6+ 8. Be2 Qg4 {The position is equal.} 9. Qg3 Qxg3 10. hxg3 Bf5 11. b3 Nd7 12. Bb2 h6 13. O-O-O e6 {[#]} 14. Rde1 $146 ({Predecessor:} 14. Nh4) 14... Rg8 15. Nh4 Bh7 16. Bh5 Ke7 17. Re3 (17. f4 $5 {[%cal Rf4f5]}) 17... Nf6 18. Bxf6+ gxf6 19. g4 Rg5 20. f4 $36 {[%mdl 2048] White has some pressure.} Ra5 21. Kb1 Rd5 22. d3 Rd7 23. f5 {Bxf7! is the strong threat.} e5 24. Nf3 Kd8 25. Nd2 Bc5 26. Rf3 {Hoping for Ne4.} (26. Rg3 $5 {[%cal Rd2e4]} Bf8 27. Ne4 $14) 26... Ke7 $2 (26... Bg8 $14) 27. Ne4 $18 Bb6 {[#]} (27... Ba3 {was called for.} 28. g5 fxg5) 28. Bxf7 $1 {[%mdl 512]} Kxf7 29. Rxh6 Bg8 30. Rxf6+ ({Weaker is} 30. Nxf6 Rd4 $16) 30... Ke7 31. Rh6 Rf8 32. g5 {[%cal Bg4g5,Bg5g6,Bg6f7][%mdl 32] White is clearly winning.} Bd5 33. f6+ Ke8 {If only Black now had time for ...Bxe4....} 34. g6 Bd8 35. f7+ Bxf7 36. gxf7+ Ke7 (36... Rfxf7 $142 37. Nd6+ Rxd6 38. Rxd6 Rxf3 39. gxf3 Ke7) 37. Rhf6 {Precision: White = 89%, Black = 43%.} 1-0

[Event "USA-ch Juniors 2017"]
[Site "Saint Louis"]
[Date "2017.07.12"]
[Round "5"]
[White "Chandra, Akshat"]
[Black "Tang, Andrew"]
[Result "1/2-1/2"]
[WhiteElo "2493"]
[BlackElo "2461"]
[Annotator "TA"]
[PlyCount "115"]
[EventDate "2017.??.??"]
[EventType "tourn"]
[EventCountry "USA"]
[SourceTitle "playchess.com"]
[Source "ChessBase"]
[SourceQuality "1"]

{[%evp 24,115,35,-5,39,21,79,78,126,43,31,29,35,33,41,38,42,41,35,33,117,118,105,120,114,113,114,110,124,115,125,107,106,99,92,85,66,78,104,44,78,83,64,52,193,0,0,0,0,0,0,0,0,0,0,0,8,0,0,0,0,0,0,0,0,8,43,43,49,49,49,49,49,56,54,29,29,30,36,6,6,0,0,0,0,0,0,0,0,0,0,0,0,0]} 1. Nf3 d5 2. g3 Nf6 3. Bg2 e6 4. O-O Be7 5. c4 O-O 6. d4 c6 {[%cal Bc7c6,Bc6c5][%mdl 32]} 7. Qc2 Nbd7 8. Rd1 b6 9. b3 Ba6 10. Nbd2 {[%cal Bb1d2,Bd2c4,Bc4e5][%mdl 32]} Rc8 11. e4 c5 12. exd5 exd5 13. Qf5 {LiveBook: 20 Games. E09: Closed Catalan: Main Line: 7 Qc2 c6 8 Nbd2} (13. Nf1 Re8 14. Ne3 Bb7 15. Bb2 Bf8 16. Ne5 Rc7 17. Nxd5 Nxd5 18. cxd5 Qa8 19. Nxd7 Rxd7 20. dxc5 Bxc5 {½-½ (69) Macieja,B (2583)-Kovalyov,A (2617) Santa Clara 2014}) 13... dxc4 (13... g6 $5 {[%cal Rg6f5]} 14. Qd3 Re8 $11) 14. Nxc4 b5 (14... g6 $11 15. Qh3 Bb7) 15. Nce5 $16 {White is better.} c4 16. bxc4 (16. d5 $1 $16) 16... bxc4 $14 17. d5 Nxe5 18. Nxe5 c3 $146 ({Predecessor:} 18... Nxd5 19. Bxd5 c3 20. Qc2 Bc5 {½-½ (28) Bagaturov,G (2449)-Idani,P (2448) Yerevan 2012}) 19. Qc2 $1 Bc5 20. Bg5 {Black must now prevent Nc6.} Re8 21. Nc6 Qd6 {[#]} (21... Re2 $1 $14 22. Qxc3 Qd6) 22. Bf4 $1 $16 {[%cal Rf4d6]} Qd7 23. Qxc3 Bb6 24. Be3 Bxe3 25. fxe3 {[%cal Bf2e3,Be3e4][%mdl 32]} Ng4 26. e4 Be2 27. Re1 Bb5 {[%cal Rb5c6]} 28. e5 $36 {[%mdl 2048] White is in control.} Qc7 29. Qc5 Bxc6 30. dxc6 ({Weaker is} 30. Qxc6 Qa5 $19) 30... Rxe5 31. Qd4 (31. Rxe5 $16 Nxe5 32. Rb1) 31... Qe7 32. Rxe5 Nxe5 33. Rb1 Rd8 {[#]} ({Black should try} 33... g6 $14) 34. Rb7 $2 (34. Qc3 $1 $18 Qc7 35. Rb7) 34... Qf6 $11 35. Qf4 Rd1+ 36. Bf1 Nxc6 37. Rc7 {Threatens to win with Rxc6!} Qxf4 38. gxf4 {[%mdl 4096] Endgame KRB-KRN} Nd8 39. Rxa7 g6 40. Kf2 Ne6 41. Bc4 Rd2+ 42. Kg3 Rd4 43. Bxe6 fxe6 {KR-KR} 44. a4 {[%cal Ba2a4,Ba4a5,Ba5a6][%mdl 32]} e5 45. fxe5 Re4 46. Ra5 Kf7 47. Kf3 Rh4 48. Ra8 {a5 is the strong threat.} Ke6 $1 49. a5 Kxe5 50. a6 Rf4+ $1 51. Kg3 Rf7 $1 {The position is equal.} 52. a7 {White wants to mate with Re8+.} Kf5 53. h4 h5 54. Kf3 {And now Kg3 would win.} Ke5+ 55. Kg3 {White threatens Re8+ and mate.} (55. Ke2 $5 {[%cal Ra8e8]} Kf4 56. Kd3 $11) 55... Kf5 56. Kf3 $1 {[%cal Rf3g3] Strongly threatening Kg3.} Ke5+ 57. Ke3 {Intending Re8+ and mate.} (57. Ke2 $5 {[%cal Ra8e8]} Kf4 58. Kd3 $11) 57... Kf5 58. Kf3 {Precision: White = 63%, Black = 67%.} 1/2-1/2

[Event "USA-ch Juniors 2017"]
[Site "Saint Louis"]
[Date "2017.07.12"]
[Round "5"]
[White "Brown, Michael William"]
[Black "Li, Ruifeng"]
[Result "1/2-1/2"]
[WhiteElo "2489"]
[BlackElo "2571"]
[Annotator "TA"]
[PlyCount "123"]
[EventDate "2017.??.??"]
[EventType "tourn"]
[EventCountry "USA"]
[SourceTitle "playchess.com"]
[Source "ChessBase"]
[SourceQuality "1"]

{[%evp 21,123,29,44,28,34,28,61,41,68,0,0,0,0,-10,0,0,0,0,0,0,0,0,0,0,22,0,0,0,0,0,0,0,0,0,0,0,0,0,0,0,0,0,0,0,0,-25,0,0,0,-25,0,0,0,-14,-8,-21,83,83,107,81,137,140,121,113,139,156,152,139,148,142,155,151,225,169,163,154,159,160,156,158,224,212,219,237,229,223,197,16,22,0,0,0,0,0,0,0,0,0,0,0,0,0,0,0]} 1. d4 Nf6 2. c4 e6 3. Nc3 Bb4 4. Qc2 O-O 5. Nf3 d6 6. g3 b6 7. Bg2 Bb7 8. O-O Bxc3 9. Qxc3 Nbd7 10. b3 Re8 {E32: Nimzo-Indian: Classical (4 Qc2): 4...0-0} 11. Bb2 Be4 {LiveBook: 3 Games} 12. Rad1 c6 $146 {White has an edge.} ({Predecessor:} 12... Qe7 13. Rfe1 c5 14. Bh3 Rad8 15. Nd2 Bb7 16. e4 {½-½ (32) Nogueiras Santiago,J (2565)-Rodriguez Cespedes,A (2495) Granma 1987}) 13. Bh3 d5 14. cxd5 Nxd5 15. Qd2 (15. Qxc6 $14 Rc8 16. Qa4) 15... Bxf3 $11 16. exf3 N7f6 17. Rfe1 Qd6 18. f4 g6 19. Bg2 a5 20. a3 Kg7 21. Rc1 h5 22. Rc4 Ra7 23. Rec1 Rc7 24. Qc2 {[%cal Rc4c6]} Rec8 25. h4 Ng4 26. Bf3 Nh6 27. Qe4 Nf5 28. Qe1 Kg8 29. R4c2 Qe7 30. Qe5 Qd6 31. Qe1 Kh7 32. Bg2 Rd7 33. Rd1 Rg8 34. Rdc1 Rc8 35. Rd1 Rg8 36. Rdc1 Rc7 37. Re2 Rd8 38. Rd2 Nxf4 (38... Qd7 $11 {remains equal.}) 39. gxf4 $16 Qxf4 40. Rd3 Nxh4 (40... Nxd4 $142 41. Qe3 Qxe3 42. Rxe3 c5) 41. Bh1 Nf5 {[%cal Rf5d4]} 42. Qe4 Qxe4 43. Bxe4 Ne7 44. Bg2 Nd5 45. Rd2 Rd6 46. Rdc2 f5 (46... f6 $16 47. a4 Nb4) 47. Bxd5 exd5 48. b4 axb4 49. axb4 b5 {[#]} 50. Rc5 $1 Re6 (50... Ra7 $16 {might work better.}) 51. Kf1 $18 h4 {[#]} 52. Rxd5 $1 {[%mdl 512]} cxd5 53. Rxc7+ {[%mdl 4096] Endgame KRB-KR} Kh6 54. Kg2 $2 ({Better is} 54. Rc5 $18) 54... g5 $11 {[%cal Bg6g5,Bg5g4][%mdl 32] The position is equal.} 55. Kf3 g4+ 56. Kg2 f4 57. Bc1 Re4 58. Rf7 Kg5 59. Rg7+ Kf5 60. Rf7+ Kg5 61. Rg7+ Kf5 62. Rf7+ {Precision: White = 66%, Black = 56%.} 1/2-1/2

[Event "USA-ch Juniors 2017"]
[Site "Saint Louis"]
[Date "2017.07.12"]
[Round "5"]
[White "Checa, Nicolas D"]
[Black "Colas, Joshua"]
[Result "1-0"]
[WhiteElo "2415"]
[BlackElo "2369"]
[Annotator "TA"]
[PlyCount "111"]
[EventDate "2017.??.??"]
[EventType "tourn"]
[EventCountry "USA"]
[SourceTitle "playchess.com"]
[Source "ChessBase"]
[SourceQuality "1"]

{[%evp 17,111,39,36,33,41,34,33,19,45,23,21,27,44,0,0,0,0,0,23,18,50,14,17,13,12,7,14,11,32,8,14,8,8,8,6,6,8,8,10,0,0,0,0,0,21,0,0,0,0,0,5,0,247,253,316,316,497,510,510,507,505,508,504,504,477,466,480,431,828,826,807,796,795,793,799,620,475,376,5073,4133,29970,29972,29972,29971,29971,29972,29972,29973,29973,29974,29975,29973,29977,29978,29977,29974]} 1. d4 Nf6 2. c4 e6 3. Nf3 b6 4. g3 Bb7 5. Bg2 Bb4+ 6. Bd2 c5 7. Bxb4 cxb4 8. O-O a5 {E16: Queen's Indian: 4 g3 Bb7 5 Bg2 Bb4+} (8... O-O 9. Qb3 a5 10. a3 Na6 11. Nbd2 d6 12. Rfd1 Qd7 13. Qd3 Rfe8 14. Ne1 Bxg2 15. Kxg2 Qc7 16. Nc2 bxa3 17. bxa3 Nb8 18. Rab1 Nbd7 19. e4 e5 {1-0 (55) Vidit,S (2689)-Akopian,V (2675) Doha 2016}) 9. a3 Na6 {LiveBook: 16 Games} 10. Qd3 O-O {White is slightly better.} 11. Nbd2 d6 12. e4 $146 ({Predecessor:} 12. Ne1 Bxg2 13. Nxg2 e5 14. Ne4 Re8 15. dxe5 Nxe4 16. Qxe4 bxa3 17. bxa3 Rxe5 18. Qf3 Rc8 19. Ne3 Nc5 {½-½ (19) Manninen,M (2380)-Kochyev,A (2435) Helsinki 1997}) 12... Re8 13. Nh4 e5 14. Nf5 Qc7 15. f4 {[#] aiming for fxe5.} (15. g4 $5) 15... exd4 $1 16. Qxd4 Rad8 17. Rfe1 Bc8 18. Ne3 Qc5 19. Qxc5 (19. Nb3 $5 {[%cal Rb3c5]} Qc7 20. Nd5 Nxd5 21. cxd5 $14) 19... Nxc5 20. Nd5 Nxd5 21. cxd5 bxa3 22. bxa3 b5 23. Rab1 Bd7 24. Bf1 Rb8 25. e5 dxe5 26. fxe5 b4 27. axb4 axb4 28. Re3 Bf5 29. Rc1 Nd7 30. Rce1 Bc2 31. e6 fxe6 32. dxe6 Nf6 $1 33. e7 $36 {[%mdl 2048] Bc4+ is the strong threat. White has some pressure.} g6 34. Bg2 {Strongly threatening Bc6.} Rb6 $2 (34... Rec8 $11 {and Black is okay.}) 35. Nc4 $18 Rbb8 36. Nd6 b3 (36... Ba4 $142 37. Rb1 Kg7 38. Nxe8+ Bxe8) 37. Nxe8 Nxe8 38. Be4 Bxe4 39. Rxe4 {[%mdl 4096] Endgame KRR-KRN} b2 40. Rb1 Kf7 41. Re2 Nf6 42. Rbxb2 Rxb2 (42... Re8 $142 43. Rb7 Nd5) 43. Rxb2 Kxe7 {KR-KN} 44. Rb7+ Ke6 45. Kg2 g5 46. Kf3 Kf5 47. Rg7 h5 $2 (47... h6 48. Ra7 Kg6) 48. h4 gxh4 49. gxh4 {White mates.} Ne4 50. Ke3 Kf6 51. Ra7 Ng3 52. Kf4 Ne2+ {[#]} 53. Kf3 $1 Nc3 54. Ra6+ Kg7 55. Kf4 Ne2+ 56. Kg5 {Precision: White = 65%, Black = 49%.} 1-0

[Event "USA-ch Juniors 2017"]
[Site "Saint Louis"]
[Date "2017.07.12"]
[Round "5"]
[White "Liu, Bovey"]
[Black "Troff, Kayden W"]
[Result "0-1"]
[WhiteElo "2218"]
[BlackElo "2482"]
[Annotator "TA"]
[PlyCount "72"]
[EventDate "2017.??.??"]
[EventType "tourn"]
[EventCountry "USA"]
[SourceTitle "playchess.com"]
[Source "ChessBase"]
[SourceQuality "1"]

{[%evp 22,72,10,10,9,7,31,-7,-17,-48,-58,-63,-63,-80,-68,-66,-46,-63,-46,-63,-74,-68,-48,-52,-52,-52,-52,-51,-51,-54,-48,-74,-73,-129,-126,-130,-143,-132,-76,-164,-145,-160,-170,-161,-159,-160,-155,-154,-144,-160,-162,-1566,-1463]} 1. e4 c5 2. Nf3 d6 3. Bb5+ Nd7 4. c3 Ngf6 5. Qe2 a6 6. Ba4 {[%cal Bb5a4,Ba4c2,Bc2d3][%mdl 32]} b5 7. Bc2 Bb7 8. O-O e6 9. d4 {B51: Sicilian: Moscow Variation (3 Bb5+) without 3...Bd7} Be7 10. Re1 (10. Nbd2 Qc7 11. Bd3 Nh5 12. g3 Nhf6 13. b3 O-O 14. Bb2 c4 15. Bc2 cxb3 16. axb3 {½-½ (95) Ponomariov,R (2712)-Vidit,S (2692) Khanty-Mansiysk 2017}) 10... Qc7 11. Bd3 O-O 12. Nbd2 {LiveBook: 5 Games} Nh5 $146 ({Predecessor:} 12... Rfe8 13. Nf1 cxd4 14. cxd4 e5 15. d5 Nc5 16. Ng3 Nxd3 17. Qxd3 {1-0 (42) Ramirez,A (2549)-Chandra,A (2505) Saint Louis 2017}) 13. Nf1 e5 14. dxe5 {g4 is the strong threat.} c4 15. Bc2 {And now g4 would win.} dxe5 16. Nh4 Nf4 17. Bxf4 exf4 18. Nf5 Ne5 19. Nd2 Rad8 20. Nf3 Nxf3+ 21. Qxf3 Rd2 22. Re2 Rfd8 23. Nd4 Rxe2 24. Qxe2 Bf6 25. Rd1 {[#]} b4 $1 {[%mdl 512]} 26. Bb1 (26. cxb4 Bxd4) 26... g6 27. Rd2 (27. Bc2 $142) 27... Qb6 $17 {aiming for ...bxc3.} 28. Qd1 bxc3 29. bxc3 Qa5 ({Black should try} 29... Ba8 30. a4 Qa5) 30. Ne2 (30. Qc1 $17 {might work better.}) 30... Re8 31. Nxf4 Bxc3 32. Re2 Rd8 33. Nd5 Bxd5 $40 {[%mdl 128] Black goes for the king.} 34. exd5 Rxd5 35. Qc1 {[#]} Qa3 $1 {[%mdl 512]} 36. Rc2 $2 (36. Qf1) (36. Qxa3 Rd1+) 36... Qd6 {Precision: White = 34%, Black = 74%.} 0-1